000
00280nam a2200121Ia 4500
008
190216s9999||||xx |||||||||||||| ||und||
100
_a
Reginald Berkeley
245
4
_a
The Lady With A Lamp
260
_b
Longmans
_c
1948
300
_a
160p
650
_a
English Drama
942
_c
BK
999
_c
11654
_d
11654